| 000 | 01691nam a2200517 i 4500 | ||
|---|---|---|---|
| 001 | 24934 | ||
| 003 | KOSZ 005 | ||
| 005 | 20200504132959.0 | ||
| 008 | 980713s1996 pl a f |000 0 pol | ||
| 015 | _aUWD 1997/2429 | ||
| 020 | _a8385031332 | ||
| 035 | _a991004714259705066 | ||
| 035 | _a(PL-WaBN)b11243521-48omnis_nlop | ||
| 035 | _ab11243521 | ||
| 035 | _a(OCoLC)830126326 | ||
| 035 | _a(PL)b0000001124352 | ||
| 035 | _a(EXLNZ-48OMNIS_NETWORK)9910305085305606 | ||
| 040 |
_aWA N _cWA N _dKOSZ 005/EG |
||
| 046 | _k1993 | ||
| 080 | _a005.95/.96 | ||
| 080 | _a66/69 | ||
| 080 | _a316.334.23 | ||
| 100 | 1 |
_aMilian, Lech _d(1932- ) _eAutor |
|
| 245 | 1 | 0 |
_aWprowadzenie do socjologii przemysłu / _cLech Milian. |
| 250 | _aWyd. 2. | ||
| 260 |
_aCzęstochowa : _bWydaw. PC, _c1996. |
||
| 300 |
_a157, [2] s. : _b2 wykr. ; _c24 cm. |
||
| 336 |
_2rdacontent _aTekst _btxt |
||
| 337 |
_2rdamedia _aBez urządzenia pośredniczącego _bn |
||
| 338 |
_2rdacarrier _aWolumin _bnc |
||
| 380 | _aKsiążki | ||
| 388 | _a1901-2000 | ||
| 388 | _a1989-2000 | ||
| 490 | 1 |
_aSkrypty Politechniki Częstochowskiej _x1234-9909 _v10 |
|
| 504 | _aBibliogr. s. 155-[158]. - Summ. | ||
| 650 | 7 |
_aPrzedsiębiorstwo _2DBN |
|
| 650 | 7 | _aSocjologia | |
| 650 | 7 |
_aPrzemysł _2DBN |
|
| 658 | _aInżynieria i technika | ||
| 658 | _aSocjologia i społeczeństwo | ||
| 710 | 2 |
_aWydawnictwo Politechniki Częstochowskiej _4pbl |
|
| 830 | 0 |
_aSkrypty Politechniki Częstochowskiej _v10 |
|
| 856 |
_uhttp://koha.tu.koszalin.pl/cgi-bin/koha/opac-detail.pl?biblionumber=24934 _yKatalog online BPK |
||
| 942 |
_2UKD _cKS |
||
| 999 |
_c24934 _d24934 |
||